000 01800cam a2200301 i 4500
001 16822
003 DO-SdUEMH
005 20260216141830.0
007 ta
008 211105s1968 mx a||||ri||| 001 0 spa|d
040 _aDO-SdUEMH
_bspa
_erda
041 _aspa
_heng
082 1 4 _mCG
_a540
_bA565q
084 _b08-01368
100 _aAndrews, Donald H.
_eaut
245 1 0 _aQuímica fundamental /
_cDonald H. Andrews, Richard J. Kokes ; colaborador: Richard J. Kokes prologo: Donald H. Andrews, Richard J. Kokes
250 _aSegunda edición
264 0 1 _aMéxico :
_bCentro Regional de Ayuda Técnica, AID,
_c1968
264 4 _c©1968
300 _a846 páginas :
_bilustraciones
_c23 cm.
336 _2rdacontent
_atexto
_btxt
337 _2rdamedia
_asin mediación
_bn
338 _2rdacarrier
_avolumen
_bnc
504 _aBibliografías en paginas 827
505 2 _aLa arquitectura del átomo -- El núcleo -- La estructura atómica -- Ecuaciones químicas y estequiometría -- Enlace químico -- Enlace covalente -- Naturaleza de los gases -- Estructura cristalina -- Líquidos -- Soluciones y disoluciones -- Leyes de la termodinámica -- Segunda y tercera leyes de la termodinámica -- Equilibrio químico -- Equilibrio en disolución -- Equilibrio complejo en disoluciones -- Electroquímica -- Reacciones de oxidación-reducción -- Cinética química -- Química de los elementos de los grupos I, II y III -- Química de los subgrupos del cobre, zinc, galio y germanio -- Química de los elementos de los grupos V, VI y VII -- Estructura y relaciones de los no metales -- Los elementos de transición -- La naturaleza de los metales y las aleaciones -- Iones complejos -- Introducción a la química orgánica y bioquímica -- Química nuclear.
942 _2ddc
_cBK
_n0
999 _c16822
_d16822